Central Library OPAC University of Rajshahi

Our music : (Record no. 54720)

MARC details
000 -LEADER
fixed length control field 00600nam a2200217 a 4500
001 - CONTROL NUMBER
control field 54720
003 - CONTROL NUMBER IDENTIFIER
rucl marc code BD-RjUL
005 - DATE AND TIME OF LATEST TRANSACTION
control field 20211209080148.0
008 - FIXED-LENGTH DATA ELEMENTS--GENERAL INFORMATION
fixed length control field 161109s1977 bg a | 001 0 eng d
035 ## - SYSTEM CONTROL NUMBER
System control number (BD-RjUL)54842
040 ## - CATALOGING SOURCE
Original cataloging agency BD-RjUL
Language of cataloging eng
Transcribing agency BD-RjUL
Modifying agency BD-RjUL
041 ## - LANGUAGE CODE
Language code of text/sound track or separate title eng
082 ## - DEWEY DECIMAL CLASSIFICATION NUMBER
Edition number 23
Classification number 781
Author mark and year MUO 1977
100 1# - MAIN ENTRY--PERSONAL NAME
Personal name Mustafa, M. N.
9 (RLIN) 163154
245 14 - TITLE STATEMENT
Title Our music :
Remainder of title a historical study /
Statement of responsibility, etc. M.N. Mustafa
260 ## - PUBLICATION, DISTRIBUTION, ETC. (IMPRINT)
Place of publication, distribution, etc. Chittagong :
Name of publisher, distributor, etc. Begum Bula Mustafa,
Date of publication, distribution, etc. 1977.
300 ## - PHYSICAL DESCRIPTION
Pagination 200 p. :
Illustrations ill. ;
Size 23 cm.
500 ## - GENERAL NOTE
General note Includes index
650 #0 - SUBJECT ADDED ENTRY--TOPICAL TERM
Topical term or geographic name as entry element Music
Geographic subdivision India
9 (RLIN) 163155
942 ## - ADDED ENTRY ELEMENTS (KOHA)
Source of classification or shelving scheme Dewey Decimal Classification
Koha item type Books
Holdings
Lost status Source of classification or shelving scheme Damaged status Not for loan Collection code Permanent Location Current Location Shelving location Date acquired Source of acquisition Cost, normal purchase price Total Checkouts Full call number Date last seen Copy number Koha item type
  Dewey Decimal Classification     Non-fiction Central Library, University of Rajshahi Central Library, University of Rajshahi   17/12/1977 Bohighar, Chittagong 30.00   781 MUO 1977 09/11/2016 C-2 Books
  Dewey Decimal Classification   Not For Loan Non-fiction Central Library, University of Rajshahi Central Library, University of Rajshahi Reading Room 17/12/1977 R.U. 30.00   781 MUO 1977 28/01/2017 C-1 Books